00330nam a2200133 a 450000500170000000800410001702000180005805000240007610000180010024500150011826000380013330000070017165000180017820140414132141.0140130s19uu xx 00 eng d a9788179875506 aM 745.54bMo71 1994 aMohini, Mudit aOrigami V. aNew Delhi :bVishv Books,cc1994. a32 aPaper folding